Adversaires de la France lors du championnat du monde de pétanque 2024 - Statistiques

Statistiques générales
  • Ce quiz a été pris 44 fois
  • Le résultat moyen est 5 sur 9
Statistiques - réponses
Etape Score Réponse % Correct
3ème Tour 13-8 Espagne
86%
1/2 de finale 3-13 Madagascar
84%
1er Tour 13-1 Etats-Unis
65%
5ème Tour 13-0 Tunisie
62%
1/4 de finale 13-0 Cambodge
51%
2ème Tour 13-8 Allemagne
49%
4ème Tour 13-8 Monaco
41%
1/8 de finale 13-0 Mali
35%
Phase de poule 13-1 Burkina Faso
19%
Aucun quiz correspondant
Distribution des résultats
% des personnes avec chaque résultat
Percentile par nombre de réponses
Votre historique - résultats
Vous n’avez pas pris ce quiz